[Event "30.Schlosspark-Open"]
[Site "Wiesbaden-Biebrich"]
[Date "2018.08.25"]
[Round "4.79"]
[White "Hertle, Philipp"]
[Black "Witt, Alexander"]
[Result "1-0"]
[WhiteElo "1784"]
[BlackElo "1535"]
[PlyCount "25"]
[EventDate "2018.??.??"]
[WhiteTeam "SK Radolfzell"]
[BlackTeam "Vorw.Orient Mainz"]

1. e4 e5 2. Nf3 Nc6 3. Bc4 h6 4. d4 exd4 5. Nxd4 Ne5 6. Bb3 Nf6 7. O-O Bc5 8.
Nc3 c6 9. Nf5 Rg8 10. Bf4 Qc7 11. Na4 Bb6 12. Nxb6 Nxe4 13. Nxa8 1-0

[Event "30.Schlosspark-Open"]
[Site "Wiesbaden-Biebrich"]
[Date "2018.08.25"]
[Round "4.80"]
[White "Donecker, Stefan"]
[Black "Schneider, Stephan"]
[Result "1/2-1/2"]
[WhiteElo "1754"]
[BlackElo "1470"]
[PlyCount "38"]
[EventDate "2018.??.??"]
[WhiteTeam "TuS Dotzheim"]
[BlackTeam "SF Riedlingen"]

1. d4 Nf6 2. Nc3 e6 3. Nf3 d5 4. a3 c5 5. Bg5 b6 6. e4 Be7 7. exd5 exd5 8. Bb5+
Bd7 9. Bxf6 Bxb5 10. Bxe7 Qxe7+ 11. Kd2 Bd7 12. Re1 Be6 13. Nxd5 Qd8 14. c4 O-O
15. dxc5 Bxd5 16. cxd5 Qxd5+ 17. Ke2 Qxc5 18. Kf1 Qb5+ 19. Qe2 Qxe2+ 1/2-1/2

[Event "30.Schlosspark-Open"]
[Site "Wiesbaden-Biebrich"]
[Date "2018.08.25"]
[Round "4.81"]
[White "Stork, Christopher"]
[Black "Busch, Guenther"]
[Result "1-0"]
[WhiteElo "1720"]
[BlackElo "1509"]
[PlyCount "89"]
[EventDate "2018.??.??"]
[WhiteTeam "SV Oberursel"]
[BlackTeam "FC Bierstadt"]

1. e4 d6 2. d4 g6 3. Nf3 Bg7 4. Bf4 Nd7 5. c3 a6 6. Nbd2 e6 7. Be2 Ne7 8. O-O
O-O 9. Qc2 b6 10. Rfe1 Bb7 11. Rad1 Nf6 12. h3 d5 13. Bd3 dxe4 14. Nxe4 Nd7 15.
Ned2 Nf5 16. Be4 Bxe4 17. Nxe4 Nf6 18. Nxf6+ Bxf6 19. Be5 Nh4 20. Qe4 Nxf3+ 21.
Qxf3 Kg7 22. Qc6 Rc8 23. f4 Qe8 24. Qc4 Bxe5 25. Rxe5 b5 26. Qc5 f6 27. Re4 Qf7
28. Rde1 e5 29. b3 Qd7 30. fxe5 Qf5 31. Qe7+ Rf7 32. exf6+ Qxf6 33. Qxf6+ Kxf6
34. Re6+ Kg7 35. Rxa6 Rcf8 36. Rae6 Rd8 37. R6e5 b4 38. R5e4 bxc3 39. Rc1 c5
40. dxc5 Rd2 41. Rxc3 Rff2 42. Rg4 Rxa2 43. c6 Rfc2 44. Rxc2 Rxc2 45. Rc4 1-0

[Event "30.Schlosspark-Open"]
[Site "Wiesbaden-Biebrich"]
[Date "2018.08.25"]
[Round "4.82"]
[White "Goodwin, David"]
[Black "Lorenz, Hermann"]
[Result "1/2-1/2"]
[WhiteElo "1539"]
[BlackElo "1640"]
[PlyCount "76"]
[EventDate "2018.??.??"]
[WhiteTeam "SV Kelsterbach"]
[BlackTeam "SF Mainz"]

1. Nf3 Nf6 2. g3 g6 3. Bg2 Bg7 4. d3 O-O 5. O-O d6 6. e4 c5 7. Nbd2 Nc6 8. c3
e5 9. a4 Bd7 10. Nh4 Qc8 11. Nc4 Ne8 12. f4 a6 13. f5 b5 14. axb5 axb5 15. Rxa8
Qxa8 16. Nb6 Qd8 17. Nxd7 Qxd7 18. fxg6 hxg6 19. Bg5 b4 20. Bf3 bxc3 21. bxc3
Qa7 22. Be3 Qa3 23. Qc2 Qa6 24. Be2 Qc8 25. Qa2 Nf6 26. Nxg6 Re8 27. Nh4 Nd8
28. Nf5 Qe6 29. Qd2 Kh7 30. Nxg7 Kxg7 31. Bh6+ Kh7 32. Qg5 Rg8 33. Qxf6 Qh3 34.
Qf5+ Qxf5 35. Rxf5 Kxh6 36. Rh5+ Kg6 37. h4 f6 38. Rf5 Ne6 1/2-1/2

[Event "30.Schlosspark-Open"]
[Site "Wiesbaden-Biebrich"]
[Date "2018.08.25"]
[Round "4.83"]
[White "Jakesevic, Ivan"]
[Black "Scheve, Pierre"]
[Result "1-0"]
[WhiteElo "1623"]
[BlackElo "1503"]
[PlyCount "145"]
[EventDate "2018.??.??"]
[WhiteTeam "FC Bierstadt"]
[BlackTeam "TuS Dotzheim"]

1. Nf3 Nf6 2. d4 c5 3. c3 Qc7 4. Bg5 Ne4 5. Nbd2 Nxg5 6. Nxg5 g6 7. e3 Bg7 8.
Qf3 O-O 9. Bc4 e6 10. d5 e5 11. d6 Qxd6 12. Bxf7+ Kh8 13. Qh3 h6 14. Nde4 Qb6
15. Bd5 Na6 16. Nf7+ Rxf7 17. Bxf7 d5 18. Qh4 dxe4 19. Qxe4 Bf5 20. Qc4 Rd8 21.
O-O Nc7 22. Rad1 Rxd1 23. Rxd1 Bf8 24. e4 Be6 25. Bxe6 Nxe6 26. b3 Qc6 27. Qd5
Qxd5 28. Rxd5 Nf4 29. Rxc5 Kg8 30. Rc8 Kf7 31. Rc7+ Ke8 32. Rxb7 Ne2+ 33. Kf1
Nxc3 34. Rxa7 Nxe4 35. b4 Be7 36. b5 Bc5 37. Rg7 Nc3 38. Rxg6 Nxb5 39. Re6+ Be7
40. Rxe5 Nc3 41. Rxe7+ Kxe7 42. a3 Kd6 43. f4 Kc5 44. Kf2 Kd4 45. Kf3 h5 46. g4
hxg4+ 47. Kxg4 Ke4 48. f5 Ke5 49. h4 Ne4 50. a4 Nf6+ 51. Kg5 Nh7+ 52. Kh6 Nf6
53. a5 Ng8+ 54. Kg7 Ne7 55. f6 Nf5+ 56. Kf7 Nxh4 57. a6 Nf5 58. a7 Nd6+ 59. Kf8
Kxf6 60. a8=Q Ke6 61. Qc6 Ke5 62. Ke7 Nf5+ 63. Kf7 Nd6+ 64. Kg6 Ne4 65. Qb5+
Kd4 66. Kh5 Nc5 67. Kg4 Kd5 68. Kf5 Kd6 69. Qc4 Kc6 70. Ke5 Kb6 71. Kd5 Na6 72.
Qc6+ Ka5 73. Kc4 1-0

[Event "30.Schlosspark-Open"]
[Site "Wiesbaden-Biebrich"]
[Date "2018.08.25"]
[Round "4.84"]
[White "Sturm, Holger"]
[Black "Kuenne, Lutz"]
[Result "0-1"]
[WhiteElo "1117"]
[BlackElo "1549"]
[PlyCount "42"]
[EventDate "2018.??.??"]
[WhiteTeam "Schierstein"]
[BlackTeam "KC Jena"]

1. d4 Nf6 2. c4 c6 3. Nc3 d5 4. Nf3 Bf5 5. e3 e6 6. Be2 h6 7. O-O Bd6 8. g3
Nbd7 9. b3 Ne4 10. Bb2 Ndf6 11. Rc1 Rc8 12. Nxe4 Nxe4 13. Ne5 Bxe5 14. dxe5 O-O
15. Bh5 Bg6 16. f4 Kh7 17. g4 Bxh5 18. gxh5 Rg8 19. Kh1 Qh4 20. Qf3 Nd2 21. Rg1
Nxf3 0-1

[Event "30.Schlosspark-Open"]
[Site "Wiesbaden-Biebrich"]
[Date "2018.08.25"]
[Round "4.85"]
[White "Meyer, Marcel"]
[Black "Martin, Lukas"]
[Result "1-0"]
[WhiteElo "1799"]
[BlackElo "1526"]
[PlyCount "47"]
[EventDate "2018.??.??"]
[WhiteTeam "SC Herborn"]
[BlackTeam "SC Bad Soden"]

1. d4 Nf6 2. c4 g6 3. Nc3 Bg7 4. e4 d6 5. Nf3 O-O 6. Be2 Nbd7 7. O-O c5 8. d5
b6 9. Be3 Re8 10. Qc2 Bb7 11. Rab1 e6 12. h3 exd5 13. exd5 Ne5 14. Rfe1 Qd7 15.
Nd2 Qc7 16. Bf4 Re7 17. Nf3 Nxf3+ 18. Bxf3 Rae8 19. Rxe7 Qxe7 20. Nb5 Ne4 21.
Re1 f5 22. Nxd6 Bd4 23. Bxe4 fxe4 24. Nxe8 1-0

[Event "30.Schlosspark-Open"]
[Site "Wiesbaden-Biebrich"]
[Date "2018.08.25"]
[Round "4.86"]
[White "Ziegler, Joerg"]
[Black "Roth, Michael"]
[Result "1-0"]
[WhiteElo "1744"]
[BlackElo "1522"]
[PlyCount "91"]
[EventDate "2018.??.??"]
[WhiteTeam "BKA Wiesbaden"]
[BlackTeam "SC Lerchenberg/ZMO"]

1. e4 e5 2. Nf3 Bc5 3. Bb5 c6 4. Bc4 d5 5. exd5 cxd5 6. Bb5+ Bd7 7. Bxd7+ Nxd7
8. O-O e4 9. Ne1 Qc7 10. Nc3 Ngf6 11. d3 O-O-O 12. Bg5 h5 13. g3 Ng4 14. Bxd8
Rxd8 15. Nxd5 Qe5 16. Nf4 Ndf6 17. Qe2 h4 18. dxe4 g5 19. Nfd3 Qc7 20. Nxc5
Qxc5 21. Nd3 Qf8 22. e5 Re8 23. Qf3 Nxh2 24. Kxh2 Nd7 25. Rae1 Qh6 26. Kg2 Rg8
27. Qg4 Rh8 28. Nc5 Qc6+ 29. Ne4 Kb8 30. Qf5 Qb5 31. Nd6 Qd5+ 32. Qe4 Qc6 33.
Qxc6 bxc6 34. Nxf7 h3+ 35. Kh2 Rh7 36. e6 Nf6 37. f3 g4 38. f4 Kb7 39. f5 Rg7
40. c4 Rg8 41. c5 Rb8 42. Rf2 Nd5 43. e7 Re8 44. f6 Nb4 45. Rd1 Nd5 46. Nd6+
1-0

[Event "30.Schlosspark-Open"]
[Site "Wiesbaden-Biebrich"]
[Date "2018.08.25"]
[Round "4.87"]
[White "Hedrich, Gerd"]
[Black "Ringeltaube, Denny"]
[Result "0-1"]
[WhiteElo "1497"]
[BlackElo "1718"]
[PlyCount "86"]
[EventDate "2018.??.??"]
[WhiteTeam "Wiesbadener SV"]
[BlackTeam "Klub Koelner SF"]

1. Nf3 Nf6 2. c4 g6 3. d4 c5 4. e3 Bg7 5. Nc3 cxd4 6. exd4 O-O 7. Be2 d6 8. O-O
Bg4 9. Qb3 b6 10. h3 Bc8 11. Bg5 Nbd7 12. Rad1 Bb7 13. a4 Ne4 14. Nxe4 Bxe4 15.
Qe3 f5 16. Rd2 Nf6 17. Bxf6 Bxf6 18. Ng5 Bxg5 19. Qxg5 Bb7 20. d5 e5 21. h4
Qxg5 22. hxg5 f4 23. Bg4 Bc8 24. Be6+ Kg7 25. f3 Re8 26. Bh3 Re7 27. Re2 Bd7
28. b3 Rf8 29. Kh2 Bf5 30. Rd1 h6 31. gxh6+ Kxh6 32. Bg4 Bxg4 33. fxg4 Kg5 34.
Rh1 Rh8+ 35. Kg1 Rxh1+ 36. Kxh1 Kxg4 37. Kg1 Kg3 38. Re4 Rh7 39. b4 Rc7 40. Kf1
g5 41. Kg1 Kg4 42. Kf2 Kf5 43. Re2 Rxc4 0-1

[Event "30.Schlosspark-Open"]
[Site "Wiesbaden-Biebrich"]
[Date "2018.08.25"]
[Round "4.88"]
[White "Sitta, Stefan"]
[Black "Maleski, Heinz"]
[Result "1-0"]
[WhiteElo "1487"]
[BlackElo "1667"]
[PlyCount "41"]
[EventDate "2018.??.??"]
[WhiteTeam "Sfr. Wiesbaden"]
[BlackTeam "SV Mainz-Mombach"]

1. e4 c5 2. Nc3 Nc6 3. f4 g6 4. Nf3 Bg7 5. Bc4 a6 6. a4 e6 7. O-O Nge7 8. d3
O-O 9. Qe1 b6 10. f5 exf5 11. Qh4 Ne5 12. Bg5 Re8 13. Nd5 Nxc4 14. Nxe7+ Rxe7
15. Bxe7 Qe8 16. dxc4 d6 17. exf5 Bxf5 18. Rae1 Qc6 19. Bf6 Be6 20. Bxg7 Kxg7
21. Ng5 1-0

[Event "30.Schlosspark-Open"]
[Site "Wiesbaden-Biebrich"]
[Date "2018.08.25"]
[Round "4.89"]
[White "Lehmann, Wolfgang"]
[Black "Troeger, Beate"]
[Result "1/2-1/2"]
[WhiteElo "1615"]
[BlackElo "1486"]
[PlyCount "55"]
[EventDate "2018.??.??"]
[WhiteTeam "Wiesbadener SV"]
[BlackTeam "Vorw.Orient Mainz"]

1. d4 f5 2. Nf3 Nf6 3. c3 g6 4. Bg5 Bg7 5. Nbd2 O-O 6. g3 e6 7. Bg2 d5 8. O-O
Nbd7 9. e3 c5 10. dxc5 Nxc5 11. Nb3 Nce4 12. Bf4 Nd7 13. h4 h6 14. Nbd4 Nb6 15.
Be5 Nc4 16. Bxg7 Kxg7 17. Qc2 Re8 18. b3 Na3 19. Qb2 Qe7 20. Nd2 Nxd2 21. Qxd2
Rd8 22. Rfe1 a6 23. Nf3 Nb5 24. Qb2 Qf6 25. Nd4 Bd7 26. Nxb5 Bxb5 27. Qd2 Rac8
28. Rac1 1/2-1/2

[Event "30.Schlosspark-Open"]
[Site "Wiesbaden-Biebrich"]
[Date "2018.08.25"]
[Round "4.90"]
[White "Baumeister, Lutz"]
[Black "Ostendorph, Elias"]
[Result "1/2-1/2"]
[WhiteElo "1593"]
[BlackElo "1281"]
[PlyCount "113"]
[EventDate "2018.??.??"]
[WhiteTeam "Wiesbadener SV"]
[BlackTeam "TSG Oehringen"]

1. d4 Nf6 2. Nf3 c6 3. e3 g6 4. Bd3 d5 5. O-O Bg7 6. Nbd2 O-O 7. c3 Re8 8. h3
Bf5 9. Bxf5 gxf5 10. Ne5 Nbd7 11. f4 Ne4 12. Nxe4 dxe4 13. Qh5 Bxe5 14. fxe5 e6
15. Rf4 Nf8 16. Rh4 f6 17. exf6 Qxf6 18. Bd2 Re7 19. Rf4 Ng6 20. Rf2 Qh4 21.
Qxh4 Nxh4 22. Raf1 Rg7 23. Kh1 Kf7 24. Re1 Rag8 25. Ree2 b5 26. c4 bxc4 27. Bb4
Ke8 28. Bd6 Ng6 29. Rc2 Kd7 30. Bc5 Ne7 31. Bxe7 Kxe7 32. Rxc4 Kd6 33. Rc5 Rb8
34. Rfc2 Rb6 35. b3 Re7 36. Kh2 e5 37. Kg3 Rg7+ 38. Kf2 exd4 39. exd4 Ke6 40.
Ke3 Rg3+ 41. Kf4 Rd3 42. Rxf5 e3 43. Re5+ Kf6 44. Rxe3 Rxd4+ 45. Re4 Rd5 46. g4
c5 47. h4 h6 48. Rce2 Rb4 49. Rc4 Rxc4+ 50. bxc4 Rd4+ 51. Re4 Rd2 52. g5+ hxg5+
53. hxg5+ Kg6 54. Re6+ Kf7 55. Rc6 Rd4+ 56. Ke5 Rxc4 57. Kd5 1/2-1/2

[Event "30.Schlosspark-Open"]
[Site "Wiesbaden-Biebrich"]
[Date "2018.08.25"]
[Round "4.91"]
[White "Jahraus, Marlis"]
[Black "Baehrle, Julius"]
[Result "1-0"]
[WhiteElo "1588"]
[BlackElo "1373"]
[PlyCount "71"]
[EventDate "2018.??.??"]
[WhiteTeam "SC Untergrombach"]
[BlackTeam "FC Bierstadt"]

1. e4 Nf6 2. Nc3 d5 3. e5 Ne4 4. Nxe4 dxe4 5. d4 exd3 6. Bxd3 e6 7. Nf3 Nc6 8.
O-O Bc5 9. a3 O-O 10. Qe2 Re8 11. Qe4 f5 12. exf6 Qxf6 13. Qxh7+ Kf8 14. Bg5
Qxb2 15. Qh8+ Kf7 16. Bg6+ Kxg6 17. Qxe8+ Kf5 18. Qf7+ Ke4 19. Qg6+ Kd5 20.
Rfd1+ Nd4 21. Nxd4 Bxd4 22. Be3 Kc5 23. Bxd4+ Qxd4 24. Rxd4 Kxd4 25. Rd1+ Kc5
26. Qe4 a5 27. Qd4+ Kc6 28. Rd3 b6 29. Qe4+ Kb5 30. Qxa8 Ba6 31. Rb3+ Kc5 32.
Qxa6 Kd4 33. Qe2 g5 34. Qxe6 a4 35. Rd3+ Kc5 36. Qd5# 1-0

[Event "30.Schlosspark-Open"]
[Site "Wiesbaden-Biebrich"]
[Date "2018.08.25"]
[Round "4.92"]
[White "Herrmann, Gerhard"]
[Black "Raima, Jan"]
[Result "1-0"]
[WhiteElo "1575"]
[BlackElo "1366"]
[PlyCount "79"]
[EventDate "2018.??.??"]
[WhiteTeam "SC Koenigsspringer Alzenau"]
[BlackTeam "FC Bierstadt"]

1. e4 Nf6 2. e5 Nd5 3. d4 d6 4. c4 Nb6 5. Nf3 g6 6. Bf4 Bg7 7. Be2 Nc6 8. O-O
O-O 9. Nc3 dxe5 10. Nxe5 Nxd4 11. c5 Nxe2+ 12. Qxe2 Nd7 13. Rad1 c6 14. Rfe1 e6
15. Rd3 Qe7 16. Nxd7 Bxd7 17. Bd6 Qd8 18. Bxf8 Bxf8 19. Red1 Bxc5 20. Rxd7 Qf6
21. Ne4 Qf5 22. Nxc5 Qxc5 23. Qf3 Rf8 24. Qf6 Qa5 25. Rd8 h5 26. Rxf8+ Kxf8 27.
Rd8+ Qxd8 28. Qxd8+ Kg7 29. Qd4+ Kh6 30. Qxa7 f5 31. Qxb7 Kg5 32. Qxc6 e5 33.
Qc1+ f4 34. g3 Kg4 35. Qe1 fxg3 36. fxg3 g5 37. Qxe5 h4 38. gxh4 gxh4 39. Qe6+
Kg5 40. Kf2 1-0